Britney Tracklist - Statistics

General Stats
  • This quiz has been taken 23 times
  • The average score is 10 of 16
Answer Stats
Answer % Correct
I'm a Slave 4 U
100%
Anticipating
78%
Boys
78%
I'm Not a Girl, Not Yet a Woman
78%
Overprotected
78%
I Love Rock & Roll
67%
Lonely
67%
Before the Goodbye
56%
Bombastic Love
56%
Cinderella
56%
What It's Like to Be Me
56%
I Run Away
44%
Let Me Be
44%
That's Where You Take Me
44%
Intimidated
33%
When I Found You
33%
No matching quizzes found
Score Distribution
Percent of People with Each Score
Percentile by Number Answered
Your Score History
You have not taken this quiz